| 000 | 00772nam a2200217 a 4500 | ||
|---|---|---|---|
| 005 | 20240413063828.0 | ||
| 008 | 171026s2016 mx r 000 0 spa d | ||
| 020 | _a9786079419929 | ||
| 035 | _aUPN01000221344 | ||
| 049 | _aCG | ||
| 050 | 4 |
_aF1234 _bC3.67 |
|
| 245 | 0 | 0 |
_aCarranza y la Constitución de 1917 : _bantología documental / _cinvestigación y comp. Josefina Moguel Flores. |
| 260 |
_aMéxico : _bSecretaría de Cultura : _bINEHRM, _c2016. |
||
| 300 |
_a514 p. : _bil. |
||
| 440 | 0 | _aBiblioteca constitucional INEHRM | |
| 651 | 4 |
_aMEXICO - _xHISTORIA - _yREVOLUCION CONSTITUCIONALISTA, 1913-1920 _912810 |
|
| 610 | 1 | 4 |
_aMéxico. _bCongreso Constituyente (1916-1917) _923992 |
| 700 | 1 |
_aMoguel Flores, Josefina, _ecomp. |
|
| 905 | _aLibro | ||
| 999 |
_c193441 _d193441 |
||